[Event "NB II. Asztalos csoport"]
[Site "Dunaujvaros"]
[Date "2024.03.10"]
[Round "6.4"]
[White "Mohacsi, Andras J"]
[Black "Horvath, Balazs"]
[Result "1/2-1/2"]
[WhiteElo "2102"]
[BlackElo "2107"]
[PlyCount "87"]
[EventDate "2023.10.08"]
[EventType "team-tourn"]
[EventRounds "9"]
[EventCountry "HUN"]
[Source "chess.hu"]
[WhiteTeam "Racalmas-Kiralysakk "]
[BlackTeam "Decs 1990"]
[WhiteTeamCountry "HUN"]
[BlackTeamCountry "HUN"]

1. e4 d5 2. exd5 Qxd5 3. Nc3 Qa5 4. d4 c6 5. Nf3 Nf6 6. Bc4 Bf5 7. Ne5 e6 8.
Bd2 Nbd7 9. Nd5 Qd8 10. Nxf6+ gxf6 11. Nxd7 Qxd7 12. Be3 O-O-O 13. Qe2 Rg8 14.
f3 Bd6 15. O-O-O Qc7 16. Kb1 Kb8 17. g3 Rge8 18. Qf2 Qa5 19. Rhe1 Bg6 20. Ka1
e5 21. c3 exd4 22. Bxd4 Be5 23. Bxe5+ fxe5 24. g4 Qa4 25. b3 Qa5 26. Kb2 Qc7
27. b4 Rd6 28. Rxd6 Qxd6 29. Bb3 f6 30. Rd1 Qc7 31. Qd2 e4 32. fxe4 Rxe4 33. h3
Qe7 34. Qd6+ Qxd6 35. Rxd6 Re2+ 36. Ka3 f5 37. gxf5 Bxf5 38. h4 Bg6 39. Rf6 Rh2
40. Rf4 Kc7 41. Rd4 Rh3 42. Kb2 c5 43. bxc5 Kc6 44. Rb4 1/2-1/2

[Event "NB II. Asztalos csoport"]
[Site "Dunaujvaros"]
[Date "2024.03.10"]
[Round "6.5"]
[White "Balazs, Imre"]
[Black "Zelenak, Donat"]
[Result "1-0"]
[WhiteElo "2000"]
[BlackElo "1914"]
[PlyCount "41"]
[EventDate "2023.10.08"]
[EventType "team-tourn"]
[EventRounds "9"]
[EventCountry "HUN"]
[Source "chess.hu"]
[WhiteTeam "Decs 1990"]
[BlackTeam "Racalmas-Kiralysakk "]
[WhiteTeamCountry "HUN"]
[BlackTeamCountry "HUN"]

1. e4 c6 2. Nc3 d5 3. Nf3 Bg4 4. Be2 e6 5. O-O Be7 6. d4 dxe4 7. Nxe4 Nf6 8.
Ng3 Qc7 9. Ne5 Bxe2 10. Qxe2 O-O 11. c4 c5 12. dxc5 Bxc5 13. Bf4 Qb6 14. Rad1
Nc6 15. Nh5 Nxh5 16. Qxh5 Nxe5 17. Bxe5 f6 18. Bc3 e5 19. Qf3 Rad8 20. Rd5 Bd4
21. Ba5 1-0

[Event "NB II. Asztalos csoport"]
[Site "Dunaujvaros"]
[Date "2024.03.10"]
[Round "6.6"]
[White "Zsigmond, Karoly"]
[Black "Barbarics, Tamas"]
[Result "0-1"]
[WhiteElo "1891"]
[BlackElo "1989"]
[PlyCount "50"]
[EventDate "2023.10.08"]
[EventType "team-tourn"]
[EventRounds "9"]
[EventCountry "HUN"]
[Source "chess.hu"]
[WhiteTeam "Racalmas-Kiralysakk "]
[BlackTeam "Decs 1990"]
[WhiteTeamCountry "HUN"]
[BlackTeamCountry "HUN"]

1. d4 Nf6 2. Nf3 e6 3. Bf4 c5 4. e3 Nc6 5. h3 Be7 6. Be2 O-O 7. O-O Qb6 8. b3
Ne4 9. Ne5 d5 10. c4 cxd4 11. Nxc6 bxc6 12. exd4 a5 13. c5 Qa7 14. Bd3 f5 15.
f3 Nxc5 16. dxc5 Qxc5+ 17. Kh2 Qd4 18. Qd2 Bb4 19. Qe3 Qxa1 20. Be5 Qxa2 21.
Qg5 Ra7 22. Qe3 Raf7 23. Be2 a4 24. bxa4 Bc5 25. Qxc5 Qxe2 0-1

[Event "NB II. Asztalos csoport"]
[Site "Dunaujvaros"]
[Date "2024.03.10"]
[Round "6.7"]
[White "Forster, Tamas"]
[Black "Szabo, Levente"]
[Result "1/2-1/2"]
[WhiteElo "1987"]
[BlackElo "1913"]
[PlyCount "24"]
[EventDate "2023.10.08"]
[EventType "team-tourn"]
[EventRounds "9"]
[EventCountry "HUN"]
[Source "chess.hu"]
[WhiteTeam "Decs 1990"]
[BlackTeam "Racalmas-Kiralysakk "]
[WhiteTeamCountry "HUN"]
[BlackTeamCountry "HUN"]

1. e4 c6 2. d4 d5 3. e5 Bf5 4. h4 h5 5. Bd3 Bxd3 6. Qxd3 e6 7. Ne2 Nd7 8. Nf4
Ne7 9. Qd1 g6 10. g4 hxg4 11. Qxg4 Qb6 12. c3 c5 1/2-1/2

[Event "NB II. Asztalos csoport"]
[Site "Dunaujvaros"]
[Date "2024.03.10"]
[Round "6.8"]
[White "Szabo, Levente Jr"]
[Black "B.Garai, Lehel"]
[Result "1/2-1/2"]
[WhiteElo "1863"]
[BlackElo "1904"]
[PlyCount "31"]
[EventDate "2023.10.08"]
[EventType "team-tourn"]
[EventRounds "9"]
[EventCountry "HUN"]
[Source "chess.hu"]
[WhiteTeam "Racalmas-Kiralysakk "]
[BlackTeam "Decs 1990"]
[WhiteTeamCountry "HUN"]
[BlackTeamCountry "HUN"]

1. d4 Nf6 2. c4 g6 3. Nc3 Bg7 4. e4 d6 5. Nf3 O-O 6. Bd3 e5 7. d5 a5 8. O-O Na6
9. a3 Bd7 10. Bc2 Nc5 11. Ne1 Nh5 12. g3 Qe8 13. Nd3 f5 14. Nxc5 dxc5 15. exf5
gxf5 16. Be3 1/2-1/2

[Event "NB II. Asztalos csoport"]
[Site "Dunaujvaros"]
[Date "2024.03.10"]
[Round "6.9"]
[White "Kaszas, Kristof"]
[Black "Samu, Jozsef"]
[Result "1-0"]
[WhiteElo "1881"]
[BlackElo "1836"]
[PlyCount "69"]
[EventDate "2023.10.08"]
[EventType "team-tourn"]
[EventRounds "9"]
[EventCountry "HUN"]
[Source "chess.hu"]
[WhiteTeam "Decs 1990"]
[BlackTeam "Racalmas-Kiralysakk "]
[WhiteTeamCountry "HUN"]
[BlackTeamCountry "HUN"]

1. d4 d5 2. c4 e6 3. Nc3 f5 4. Nf3 Nf6 5. Bf4 c6 6. e3 Bd6 7. Bxd6 Qxd6 8. cxd5
exd5 9. Bd3 O-O 10. Qb3 Kh8 11. O-O Ne4 12. Rad1 Nd7 13. Nd2 Rf6 14. f4 Rh6 15.
Rf3 Ndf6 16. Ne2 g5 17. g3 Ng4 18. Nf1 Qg6 19. Qc2 Qh5 20. Nc3 Ne5 21. dxe5
Qxf3 22. Nxe4 fxe4 23. Be2 Rxh2 24. Nxh2 Qxg3+ 25. Kh1 Qxe3 26. fxg5 Be6 27. g6
d4 28. Qd2 Qg3 29. Qxd4 Bd5 30. e6+ Kg8 31. Qf6 hxg6 32. Rg1 e3+ 33. Bf3 Bxf3+
34. Nxf3 Qh3+ 35. Nh2 1-0

[Event "NB II. Asztalos csoport"]
[Site "Dunaujvaros"]
[Date "2024.03.10"]
[Round "6.10"]
[White "Radics, Nora"]
[Black "Holczl, Attila"]
[Result "1/2-1/2"]
[WhiteElo "1811"]
[BlackElo "1950"]
[PlyCount "55"]
[EventDate "2023.10.08"]
[EventType "team-tourn"]
[EventRounds "9"]
[EventCountry "HUN"]
[Source "chess.hu"]
[WhiteTeam "Racalmas-Kiralysakk "]
[BlackTeam "Decs 1990"]
[WhiteTeamCountry "HUN"]
[BlackTeamCountry "HUN"]

1. d4 d5 2. f4 Nf6 3. Nf3 Bf5 4. e3 e6 5. Bd3 Ne4 6. O-O Nd7 7. c4 c6 8. Qc2 h6
9. Nbd2 Ndf6 10. Ne5 Nxd2 11. Bxd2 Bxd3 12. Qxd3 Ne4 13. c5 Be7 14. f5 exf5 15.
Rxf5 O-O 16. Raf1 f6 17. Ng6 Rf7 18. Be1 Kh7 19. Ne5 Rf8 20. Ng4 g6 21. R5f4 h5
22. Nf2 f5 23. Nxe4 dxe4 24. Qe2 Bg5 25. R4f2 Qd5 26. b3 Rf7 27. g3 Raf8 28. h3
1/2-1/2

[Event "NB II. Asztalos csoport"]
[Site "Dunaujvaros"]
[Date "2024.03.10"]
[Round "6.11"]
[White "B.Garai, Etelka"]
[Black "Kortelyesi, Richard"]
[Result "0-1"]
[WhiteElo "1689"]
[BlackElo "1701"]
[PlyCount "114"]
[EventDate "2023.10.08"]
[EventType "team-tourn"]
[EventRounds "9"]
[EventCountry "HUN"]
[Source "chess.hu"]
[WhiteTeam "Decs 1990"]
[BlackTeam "Racalmas-Kiralysakk "]
[WhiteTeamCountry "HUN"]
[BlackTeamCountry "HUN"]

1. e4 c5 2. c3 d6 3. d4 cxd4 4. cxd4 g6 5. Nf3 Bg7 6. h3 Nf6 7. Nc3 O-O 8. Bd3
b6 9. O-O Bb7 10. Bg5 h6 11. Be3 d5 12. e5 Ne4 13. Qc1 Kh7 14. Nh2 Nd7 15. Ne2
Rc8 16. Qd1 f6 17. e6 Nb8 18. h4 f5 19. f3 Nd6 20. Nf4 Nc6 21. Qa4 Nc4 22. Bxc4
dxc4 23. d5 Na5 24. Qb5 g5 25. hxg5 hxg5 26. Nh3 f4 27. Nxg5+ Kg6 28. Nf7 Qxd5
29. Qxd5 Bxd5 30. Bxf4 Bxe6 31. Ng5 Bd7 32. Bc1 Bd4+ 33. Kh1 Rh8 34. f4 c3 35.
bxc3 Bxc3 36. Rb1 Bf5 37. Rb5 Bd3 38. Rxa5 Bxa5 39. Rd1 Be2 40. Rg1 Rc2 41. a3
b5 42. Be3 Bc4 43. Bd4 Bd5 44. Bxh8 Bc7 45. Nh3 Bb6 46. Nf3 Bxg1 47. Nhxg1 Ra2
48. Be5 Rxa3 49. Kh2 b4 50. Nd4 Ra2 51. Ngf3 b3 52. Kg3 a5 53. f5+ Kf7 54. Nb5
Bxf3 55. Kxf3 b2 56. Nc3 Ra3 57. Kf4 Rxc3 0-1

[Event "NB II. Asztalos csoport"]
[Site "Dunaujvaros"]
[Date "2024.03.10"]
[Round "6.12"]
[White "Dalocsa, Vince"]
[Black "Nagy, Norbert"]
[Result "1-0"]
[WhiteElo "1578"]
[BlackElo "1629"]
[PlyCount "143"]
[EventDate "2023.10.08"]
[EventType "team-tourn"]
[EventRounds "9"]
[EventCountry "HUN"]
[Source "chess.hu"]
[WhiteTeam "Racalmas-Kiralysakk "]
[BlackTeam "Decs 1990"]
[WhiteTeamCountry "HUN"]
[BlackTeamCountry "HUN"]

1. e4 c5 2. Nf3 Nc6 3. d4 cxd4 4. Nxd4 e6 5. Nc3 Bb4 6. a3 Bxc3+ 7. bxc3 Nge7
8. Bb5 a6 9. Bxc6 bxc6 10. O-O O-O 11. Be3 d5 12. exd5 cxd5 13. Qd2 f6 14. Nb3
Nf5 15. Rfd1 Nxe3 16. Qxe3 Qc7 17. Rd2 Rd8 18. Re1 Rd6 19. h3 a5 20. Red1 Raa6
21. Rxd5 Rxd5 22. Rxd5 Rc6 23. Rc5 Rxc5 24. Qxc5 Qxc5 25. Nxc5 Kf7 26. Nb3 Ba6
27. Nxa5 Ke7 28. f4 Kd6 29. Nb3 Kd5 30. Nd2 Be2 31. Kf2 Bd1 32. Ke3 Bxc2 33. g4
f5 34. g5 g6 35. h4 e5 36. c4+ Kd6 37. fxe5+ Kxe5 38. Nf3+ Kd6 39. Kd4 Bd1 40.
Ne5 f4 41. c5+ Kc7 42. Ke4 f3 43. Nxf3 Kc6 44. Ne5+ Kxc5 45. Nd7+ Kc4 46. Nf6
Kb3 47. Nxh7 Kxa3 48. Nf8 Kb4 49. Ke5 Bh5 50. Kf6 Kc5 51. Nxg6 Kd6 52. Nf4 Bd1
53. g6 Kd7 54. g7 Bb3 55. h5 Kd6 56. h6 Bg8 57. Ng6 Kd7 58. Ne7 Bh7 59. g8=Q
Bxg8 60. Nxg8 Ke8 61. Kg7 Kd7 62. h7 Ke6 63. h8=Q Kd5 64. Qh4 Ke5 65. Kg6 Kd5
66. Kf6 Kc5 67. Ke6 Kc6 68. Qc4+ Kb6 69. Kd6 Ka5 70. Qb3 Ka6 71. Kc6 Ka5 72.
Qb5# 1-0

[Event "NB II. Asztalos csoport"]
[Site "Pecs"]
[Date "2024.03.10"]
[Round "6.1"]
[White "Veress, Robert"]
[Black "Kele, Karoly"]
[Result "1/2-1/2"]
[WhiteElo "2186"]
[BlackElo "2041"]
[PlyCount "33"]
[EventDate "2023.10.08"]
[EventType "team-tourn"]
[EventRounds "9"]
[EventCountry "HUN"]
[Source "chess.hu"]
[WhiteTeam "Kaposvari Bastya SE"]
[BlackTeam "Karmin PSSE"]
[WhiteTeamCountry "HUN"]
[BlackTeamCountry "HUN"]

1. d4 Nf6 2. c4 e6 3. g3 d5 4. Bg2 Bb4+ 5. Bd2 Be7 6. Nf3 c6 7. Qc2 Nbd7 8. O-O
b6 9. Bf4 Bb7 10. Nbd2 O-O 11. e4 dxe4 12. Nxe4 Nxe4 13. Qxe4 Nf6 14. Qc2 c5
15. Rad1 Qc8 16. Rfe1 cxd4 17. Nxd4 1/2-1/2

[Event "NB II. Asztalos csoport"]
[Site "Pecs"]
[Date "2024.03.10"]
[Round "6.2"]
[White "Toth, David dr"]
[Black "Katai, David"]
[Result "0-1"]
[WhiteElo "1983"]
[BlackElo "2151"]
[PlyCount "76"]
[EventDate "2023.10.08"]
[EventType "team-tourn"]
[EventRounds "9"]
[EventCountry "HUN"]
[Source "chess.hu"]
[WhiteTeam "Karmin PSSE"]
[BlackTeam "Kaposvari Bastya SE"]
[WhiteTeamCountry "HUN"]
[BlackTeamCountry "HUN"]

1. d4 Nf6 2. c4 g6 3. Nc3 Bg7 4. e4 d6 5. f3 O-O 6. Be3 c5 7. d5 e6 8. Bd3 exd5
9. cxd5 Re8 10. Qd2 Nbd7 11. Nge2 Ne5 12. O-O Qa5 13. Rfd1 c4 14. Bc2 b5 15. a3
a6 16. Nd4 Qc7 17. Kh1 Bb7 18. Bh6 Bh8 19. Rg1 Nfd7 20. Nc6 Nxc6 21. dxc6 Bxc6
22. Rad1 Re6 23. f4 Nc5 24. f5 Ree8 25. fxg6 hxg6 26. Nd5 Bxd5 27. exd5 Re5 28.
Rgf1 Rae8 29. Rf2 Qe7 30. Rdf1 Ne4 31. Bxe4 Rxe4 32. h3 Rd4 33. Qc2 f5 34. Rxf5
gxf5 35. Qxf5 Bg7 36. Qg6 Rf8 37. Rxf8+ Qxf8 38. Bxg7 Rd1+ 0-1

[Event "NB II. Asztalos csoport"]
[Site "Pecs"]
[Date "2024.03.10"]
[Round "6.3"]
[White "Miovecz, Janos"]
[Black "Hrubos, Viktor"]
[Result "1-0"]
[WhiteElo "2059"]
[BlackElo "1948"]
[PlyCount "61"]
[EventDate "2023.10.08"]
[EventType "team-tourn"]
[EventRounds "9"]
[EventCountry "HUN"]
[Source "chess.hu"]
[WhiteTeam "Kaposvari Bastya SE"]
[BlackTeam "Karmin PSSE"]
[WhiteTeamCountry "HUN"]
[BlackTeamCountry "HUN"]

1. e4 d6 2. d4 Nf6 3. Bd3 Nbd7 4. c4 c5 5. Nf3 cxd4 6. Nxd4 g6 7. Nc3 Bg7 8.
Be3 Nc5 9. f3 O-O 10. Bc2 a5 11. O-O h5 12. Qd2 Kh7 13. Rad1 Nfd7 14. Ndb5 b6
15. b3 Ne5 16. h3 Nc6 17. Qf2 f5 18. Bg5 Bf6 19. Qh4 Bxg5 20. Qxg5 Ne6 21. Qh4
Ng7 22. Rfe1 Bd7 23. Nd5 Rf7 24. Rd2 Kh6 25. f4 fxe4 26. Bxe4 Rb8 27. Qg5+ Kh7
28. Bxg6+ Kg8 29. Bxf7+ Kxf7 30. Nd4 Nxd4 31. Rxe7+ 1-0

[Event "NB II. Asztalos csoport"]
[Site "Pecs"]
[Date "2024.03.10"]
[Round "6.4"]
[White "Rein, Viktor"]
[Black "Birkas, Gyorgy"]
[Result "1/2-1/2"]
[WhiteElo "1961"]
[BlackElo "1995"]
[PlyCount "26"]
[EventDate "2023.10.08"]
[EventType "team-tourn"]
[EventRounds "9"]
[EventCountry "HUN"]
[Source "chess.hu"]
[WhiteTeam "Karmin PSSE"]
[BlackTeam "Kaposvari Bastya SE"]
[WhiteTeamCountry "HUN"]
[BlackTeamCountry "HUN"]

1. d4 Nf6 2. c4 d6 3. Nf3 g6 4. Nc3 Bg7 5. e4 O-O 6. Be2 c5 7. dxc5 dxc5 8. O-O
Nc6 9. Be3 b6 10. Qc2 e6 11. Rad1 Qe7 12. h3 Bb7 13. Rd2 Rad8 1/2-1/2

[Event "NB II. Asztalos csoport"]
[Site "Pecs"]
[Date "2024.03.10"]
[Round "6.5"]
[White "Galambos, Tivadar"]
[Black "Albrecht, Akos"]
[Result "0-1"]
[WhiteElo "1951"]
[BlackElo "1915"]
[PlyCount "30"]
[EventDate "2023.10.08"]
[EventType "team-tourn"]
[EventRounds "9"]
[EventCountry "HUN"]
[Source "chess.hu"]
[WhiteTeam "Kaposvari Bastya SE"]
[BlackTeam "Karmin PSSE"]
[WhiteTeamCountry "HUN"]
[BlackTeamCountry "HUN"]

1. e4 e6 2. d4 d5 3. exd5 exd5 4. c4 Nf6 5. Nc3 Bb4 6. Be3 O-O 7. h3 Re8 8. c5
Bxc5 9. dxc5 d4 10. Qf3 dxe3 11. fxe3 Qd4 12. Rd1 Qxc5 13. Kf2 Nc6 14. Bb5 Bg4
15. hxg4 Rxe3 0-1

[Event "NB II. Asztalos csoport"]
[Site "Pecs"]
[Date "2024.03.10"]
[Round "6.6"]
[White "Nogradi, Gabor"]
[Black "Kadlicsko, Jozsef"]
[Result "1/2-1/2"]
[WhiteElo "1887"]
[BlackElo "2016"]
[PlyCount "67"]
[EventDate "2023.10.08"]
[EventType "team-tourn"]
[EventRounds "9"]
[EventCountry "HUN"]
[Source "chess.hu"]
[WhiteTeam "Karmin PSSE"]
[BlackTeam "Kaposvari Bastya SE"]
[WhiteTeamCountry "HUN"]
[BlackTeamCountry "HUN"]

1. d4 Nf6 2. c4 e6 3. Nf3 b6 4. g3 Bb7 5. Bg2 Be7 6. O-O O-O 7. Nc3 d5 8. b3
Nbd7 9. Bb2 c5 10. cxd5 exd5 11. Rc1 Rc8 12. Re1 h6 13. e3 c4 14. Nd2 cxb3 15.
Qxb3 Nb8 16. Nxd5 Nxd5 17. Rxc8 Qxc8 18. Bxd5 Bxd5 19. Qxd5 Qc2 20. Nc4 Qa4 21.
Ne5 Qb4 22. Re2 Bd6 23. Nd3 Qa4 24. Qb3 Qd7 25. Kg2 Nc6 26. f3 Rd8 27. Qb5 Qb7
28. e4 a6 29. Qc4 b5 30. Qc1 Na5 31. d5 Nc4 32. Bd4 Rc8 33. Qa1 f6 34. f4
1/2-1/2

[Event "NB II. Asztalos csoport"]
[Site "Pecs"]
[Date "2024.03.10"]
[Round "6.7"]
[White "Mihalecz, Attila"]
[Black "Feher, Laszlo"]
[Result "1-0"]
[WhiteElo "1928"]
[BlackElo "1810"]
[PlyCount "83"]
[EventDate "2023.10.08"]
[EventType "team-tourn"]
[EventRounds "9"]
[EventCountry "HUN"]
[Source "chess.hu"]
[WhiteTeam "Kaposvari Bastya SE"]
[BlackTeam "Karmin PSSE"]
[WhiteTeamCountry "HUN"]
[BlackTeamCountry "HUN"]

1. e4 c6 2. Nf3 d5 3. Nc3 dxe4 4. Nxe4 Bf5 5. Ng3 Bg6 6. h4 h6 7. Ne5 Qd6 8. d4
Nd7 9. Nxg6 Qxg6 10. Bd3 Qd6 11. c3 Ngf6 12. Qf3 e6 13. O-O O-O-O 14. Bf4 Qd5
15. Ne4 Nc5 16. dxc5 Qxd3 17. Nd6+ Rxd6 18. cxd6 Qxf3 19. gxf3 g5 20. hxg5 hxg5
21. Be5 Rh6 22. Rad1 Kd7 23. c4 Ne8 24. c5 f6 25. Bc3 e5 26. Kg2 b6 27. b4 Rg6
28. Rh1 bxc5 29. bxc5 g4 30. Rh7+ Bg7 31. fxg4 Rxg4+ 32. Kf3 Rc4 33. Bd2 Rxc5
34. Bh6 e4+ 35. Kxe4 Rh5 36. Rxg7+ Nxg7 37. Bxg7 Ra5 38. Bxf6 Rxa2 39. f4 Ra4+
40. Kf5 c5 41. Be5 Ra2 42. Rh1 1-0

[Event "NB II. Asztalos csoport"]
[Site "Pecs"]
[Date "2024.03.10"]
[Round "6.8"]
[White "Nagy, Peter"]
[Black "Marcsingo, Jozsef"]
[Result "1/2-1/2"]
[WhiteElo "1854"]
[BlackElo "1841"]
[PlyCount "48"]
[EventDate "2023.10.08"]
[EventType "team-tourn"]
[EventRounds "9"]
[EventCountry "HUN"]
[Source "chess.hu"]
[WhiteTeam "Karmin PSSE"]
[BlackTeam "Kaposvari Bastya SE"]
[WhiteTeamCountry "HUN"]
[BlackTeamCountry "HUN"]

1. d4 d5 2. Bf4 e6 3. e3 Bd6 4. Bg3 Nf6 5. Bd3 b6 6. Nf3 Ne4 7. Bxe4 dxe4 8.
Ne5 O-O 9. Nd2 f5 10. Ndc4 Be7 11. c3 Bb7 12. Qb3 Bd5 13. Qa4 a6 14. Nd2 b5 15.
Qc2 Nd7 16. O-O c5 17. b3 cxd4 18. cxd4 Rc8 19. Qb2 Nxe5 20. Bxe5 Qa5 21. a4 b4
22. Rac1 Rc3 23. Rc2 Rfc8 24. Rfc1 h6 1/2-1/2

[Event "NB II. Asztalos csoport"]
[Site "Pecs"]
[Date "2024.03.10"]
[Round "6.9"]
[White "Palavics, Krisztian"]
[Black "Pinter, Szabolcs Peter"]
[Result "1/2-1/2"]
[WhiteElo "1847"]
[BlackElo "1810"]
[PlyCount "51"]
[EventDate "2023.10.08"]
[EventType "team-tourn"]
[EventRounds "9"]
[EventCountry "HUN"]
[Source "chess.hu"]
[WhiteTeam "Kaposvari Bastya SE"]
[BlackTeam "Karmin PSSE"]
[WhiteTeamCountry "HUN"]
[BlackTeamCountry "HUN"]

1. e4 d6 2. d4 Nf6 3. Bd3 e5 4. d5 Be7 5. c4 O-O 6. Nc3 c6 7. Nge2 Nbd7 8. Ng3
Nc5 9. Bc2 a5 10. O-O Bg4 11. f3 Bh5 12. Nf5 Bg6 13. Nxe7+ Qxe7 14. Bg5 Qd8 15.
Kh1 h6 16. Bh4 Bh7 17. Bxf6 Qxf6 18. Qd2 Rad8 19. Na4 cxd5 20. Qxd5 Qe6 21.
Nxc5 Qxd5 22. exd5 dxc5 23. Bxh7+ Kxh7 24. Rae1 Rfe8 25. Re3 f6 26. a4 1/2-1/2

[Event "NB II. Asztalos csoport"]
[Site "Pecs"]
[Date "2024.03.10"]
[Round "6.10"]
[White "Roszjar, Szabolcs"]
[Black "Feher, Koppany"]
[Result "1-0"]
[WhiteElo "1736"]
[BlackElo "1716"]
[PlyCount "57"]
[EventDate "2023.10.08"]
[EventType "team-tourn"]
[EventRounds "9"]
[EventCountry "HUN"]
[Source "chess.hu"]
[WhiteTeam "Karmin PSSE"]
[BlackTeam "Kaposvari Bastya SE"]
[WhiteTeamCountry "HUN"]
[BlackTeamCountry "HUN"]

1. Nf3 Nf6 2. d3 g6 3. b3 Bg7 4. Bb2 O-O 5. c4 d6 6. h3 e5 7. Qc2 Re8 8. Nbd2
c5 9. e3 Nc6 10. a3 d5 11. cxd5 Nxd5 12. Qxc5 Nb6 13. Qc2 f5 14. Rd1 f4 15. Be2
Be6 16. Nc4 fxe3 17. fxe3 Bd5 18. O-O Bxc4 19. dxc4 Qc7 20. c5 Nd7 21. Ng5 Nd8
22. Qc4+ Kh8 23. Rf7 Qxc5 24. Rdxd7 Qxe3+ 25. Kh1 Qxg5 26. Rxg7 Ne6 27. Rxh7+
Kg8 28. Rdg7+ Kf8 29. Qb4+ 1-0

[Event "NB II. Asztalos csoport"]
[Site "Nagyatad"]
[Date "2024.03.10"]
[Round "6.1"]
[White "Haszon, David"]
[Black "Vrban, Mladen"]
[Result "0-1"]
[WhiteElo "2264"]
[BlackElo "2269"]
[PlyCount "76"]
[EventDate "2023.10.08"]
[EventType "team-tourn"]
[EventRounds "9"]
[EventCountry "HUN"]
[Source "chess.hu"]
[WhiteTeam "Marcali VSZSE"]
[BlackTeam "Sakk Egylet Nagyatad"]
[WhiteTeamCountry "HUN"]
[BlackTeamCountry "HUN"]

1. d4 d5 2. Bf4 Bf5 3. c4 Bxb1 4. Rxb1 dxc4 5. Nf3 e6 6. Qa4+ c6 7. Qxc4 Nf6 8.
g3 Nbd7 9. Bg2 Nb6 10. Qd3 Bb4+ 11. Bd2 Qe7 12. O-O Bxd2 13. Qxd2 O-O 14. b4
Rfd8 15. Qc2 Rac8 16. Rfd1 Nbd7 17. e4 e5 18. Nh4 g6 19. dxe5 Nxe5 20. f4 Rxd1+
21. Rxd1 Neg4 22. Qc5 Qxc5+ 23. bxc5 Ne3 24. Rd6 Nxg2 25. Rxf6 Nxh4 26. gxh4
Re8 27. e5 Re6 28. Rxe6 fxe6 29. a4 b6 30. Kf2 Kg7 31. h5 Kh6 32. hxg6 hxg6 33.
Kf3 Kh5 34. Kg3 bxc5 35. Kf3 c4 36. h3 Kh4 37. Ke4 c5 38. f5 gxf5+ 0-1

[Event "NB II. Asztalos csoport"]
[Site "Nagyatad"]
[Date "2024.03.10"]
[Round "6.2"]
[White "Matko, Ognjen"]
[Black "Link, Ulrich"]
[Result "1/2-1/2"]
[WhiteElo "2255"]
[BlackElo "2057"]
[PlyCount "109"]
[EventDate "2023.10.08"]
[EventType "team-tourn"]
[EventRounds "9"]
[EventCountry "HUN"]
[Source "chess.hu"]
[WhiteTeam "Sakk Egylet Nagyatad"]
[BlackTeam "Marcali VSZSE"]
[WhiteTeamCountry "HUN"]
[BlackTeamCountry "HUN"]

1. e4 c5 2. c3 e5 3. Bc4 Nc6 4. Nf3 Nf6 5. d3 Be7 6. O-O O-O 7. Re1 d6 8. Nbd2
Be6 9. Nf1 d5 10. exd5 Bxd5 11. Bxd5 Qxd5 12. Ne3 Qd7 13. Nc4 e4 14. dxe4 Qxd1
15. Rxd1 Nxe4 16. Bf4 Rad8 17. Re1 f5 18. Rad1 g5 19. Bc1 Rxd1 20. Rxd1 Rd8 21.
Rxd8+ Bxd8 22. Nfe5 Nxe5 23. Nxe5 Nd6 24. Be3 c4 25. Bxa7 Bf6 26. Nd7 Kf7 27.
Nxf6 Kxf6 28. f3 Ke6 29. Bb8 Nf7 30. Kf2 Nd8 31. Ke3 Kd5 32. Kd2 Ne6 33. Ba7 h5
34. Be3 g4 35. fxg4 fxg4 36. b3 Ng7 37. Ke2 Nf5 38. Bf2 b5 39. h3 Nd6 40. hxg4
hxg4 41. Ke3 Ne4 42. bxc4+ bxc4 43. Be1 Nc5 44. a3 Kc6 45. Bh4 Kb5 46. Be7 Nd3
47. g3 Ka4 48. Kd4 Nb2 49. Ke3 Kb3 50. Bb4 Nd1+ 51. Kd4 Nb2 52. Ke4 Na4 53. Kd4
Nb2 54. Ke3 Nd1+ 55. Kd4 1/2-1/2

[Event "NB II. Asztalos csoport"]
[Site "Nagyatad"]
[Date "2024.03.10"]
[Round "6.3"]
[White "Haszon, Abel"]
[Black "Horvath, Attila"]
[Result "1-0"]
[WhiteElo "1915"]
[BlackElo "2134"]
[PlyCount "81"]
[EventDate "2023.10.08"]
[EventType "team-tourn"]
[EventRounds "9"]
[EventCountry "HUN"]
[Source "chess.hu"]
[WhiteTeam "Marcali VSZSE"]
[BlackTeam "Sakk Egylet Nagyatad"]
[WhiteTeamCountry "HUN"]
[BlackTeamCountry "HUN"]

1. e4 c5 2. Nf3 e6 3. b3 d6 4. d4 cxd4 5. Nxd4 Nf6 6. Bd3 Be7 7. O-O O-O 8. c4
Nfd7 9. Be3 Ne5 10. Bc2 Nbc6 11. Nxc6 Nxc6 12. Nd2 Nb4 13. Nf3 Nxc2 14. Qxc2
Qa5 15. a3 Qh5 16. Rad1 b6 17. Nd4 Bd7 18. f4 Rad8 19. f5 Bg5 20. Rd3 e5 21.
Bxg5 Qxg5 22. Rg3 Qf6 23. Ne2 Bc6 24. Rg4 h5 25. Rg3 Qh6 26. h4 Kh8 27. Rg5 g6
28. Ng3 Be8 29. f6 Bd7 30. Qd2 Kh7 31. Qxd6 Bg4 32. Qxe5 Rfe8 33. Qc7 Rd7 34.
Qc6 Red8 35. Rd5 Qe3+ 36. Kh2 Rxd5 37. exd5 Re8 38. d6 Rd8 39. Qc7 Rd7 40. Qb8
Qh6 41. Ne4 1-0

[Event "NB II. Asztalos csoport"]
[Site "Nagyatad"]
[Date "2024.03.10"]
[Round "6.4"]
[White "Molnar, Aurel Jr"]
[Black "Palfi, Peter"]
[Result "0-1"]
[WhiteElo "2073"]
[BlackElo "1977"]
[PlyCount "126"]
[EventDate "2023.10.08"]
[EventType "team-tourn"]
[EventRounds "9"]
[EventCountry "HUN"]
[Source "chess.hu"]
[WhiteTeam "Sakk Egylet Nagyatad"]
[BlackTeam "Marcali VSZSE"]
[WhiteTeamCountry "HUN"]
[BlackTeamCountry "HUN"]

1. e4 e5 2. Nc3 Bc5 3. f4 Bxg1 4. Rxg1 exf4 5. Qg4 g5 6. h4 h6 7. Rh1 d5 8. Qf3
d4 9. Ne2 Qf6 10. g3 Nc6 11. gxf4 Ne5 12. Qg3 gxf4 13. Qxf4 d3 14. Qxf6 Nxf6
15. Nc3 dxc2 16. Nb5 Kd8 17. d4 Nf3+ 18. Kf2 Bg4 19. Bg2 Nxe4+ 20. Ke3 Re8 21.
Kf4 Nf2 22. Rf1 Nd3+ 23. Kxg4 Nh2+ 24. Kf5 Nxf1 25. Bxf1 Nf2 26. Bf4 Nd1 27.
Nxc7 Re1 28. Bd3 Ne3+ 29. Bxe3 Rxa1 30. Nxa8 c1=Q 31. Bxc1 Rxc1 32. Kf6 Rc8 33.
Be4 Rxa8 34. Kxf7 Kc7 35. h5 Rd8 36. d5 Kd6 37. Kg7 Ke5 38. Bg6 Rxd5 39. Kxh6
Kf6 40. b3 b6 41. Be4 Rd8 42. Kh7 a5 43. a4 Rd4 44. Bg6 Rh4 45. Kh6 Rh3 46. Bc2
Rc3 47. Bd1 Rc8 48. Kh7 Kg5 49. Kg7 Rd8 50. Be2 Rd7+ 51. Kf8 Rd2 52. Bc4 Kxh5
53. Ke7 Kg5 54. Ke6 Kf4 55. Bd5 Ke3 56. Kd6 Kd4 57. Bg8 Rc2 58. Bf7 Rc5 59. Bg8
Kc3 60. Bf7 Kb4 61. Be6 Rc3 62. Bd7 Rxb3 63. Kc7 Ra3 0-1